<?xml version="1.0" encoding="UTF-8"?>
<record
    xmlns:xsi="http://www.w3.org/2001/XMLSchema-instance"
    xsi:schemaLocation="http://www.loc.gov/MARC21/slim http://www.loc.gov/standards/marcxml/schema/MARC21slim.xsd"
    xmlns="http://www.loc.gov/MARC21/slim">

  <leader>03408nam a2200289   4500</leader>
  <controlfield tag="003">NALT</controlfield>
  <controlfield tag="005">20260106143530.0</controlfield>
  <controlfield tag="008">240807b        th ||||| |||| 00| 0 tha d</controlfield>
  <datafield tag="020" ind1=" " ind2=" ">
    <subfield code="a">9786161400514</subfield>
  </datafield>
  <datafield tag="040" ind1=" " ind2=" ">
    <subfield code="a">NALT</subfield>
  </datafield>
  <datafield tag="041" ind1=" " ind2=" ">
    <subfield code="a">tha</subfield>
  </datafield>
  <datafield tag="050" ind1=" " ind2=" ">
    <subfield code="a">DS 570.6</subfield>
    <subfield code="b">&#xE21;965&#xE25; 2553</subfield>
  </datafield>
  <datafield tag="100" ind1="0" ind2=" ">
    <subfield code="a">&#xE44;&#xE21;&#xE15;&#xE23;&#xE35; &#xE40;&#xE14;&#xE48;&#xE19;&#xE2D;&#xE38;&#xE14;&#xE21;</subfield>
    <subfield code="9">64521</subfield>
  </datafield>
  <datafield tag="245" ind1="1" ind2="0">
    <subfield code="a">&#xE42;&#xE25;&#xE01;&#xE1E;&#xE23;&#xE30;&#xE28;&#xE23;&#xE35;&#xE2D;&#xE32;&#xE23;&#xE22;&#xE4C;&#xE02;&#xE2D;&#xE07;&#xE1B;&#xE23;&#xE35;&#xE14;&#xE35; &#xE1E;&#xE19;&#xE21;&#xE22;&#xE07;&#xE04;&#xE4C; /</subfield>
    <subfield code="c">&#xE02;&#xE2D;&#xE07; P. Fistie ; &#xE42;&#xE14;&#xE22; &#xE44;&#xE21;&#xE15;&#xE23;&#xE35; &#xE40;&#xE14;&#xE48;&#xE19;&#xE2D;&#xE38;&#xE14;&#xE21;.</subfield>
  </datafield>
  <datafield tag="250" ind1=" " ind2=" ">
    <subfield code="a">&#xE1E;&#xE34;&#xE21;&#xE1E;&#xE4C;&#xE04;&#xE23;&#xE31;&#xE49;&#xE07;&#xE17;&#xE35;&#xE48; 1.</subfield>
  </datafield>
  <datafield tag="260" ind1=" " ind2=" ">
    <subfield code="a">&#xE01;&#xE23;&#xE38;&#xE07;&#xE17;&#xE1E;&#xE2F; :</subfield>
    <subfield code="b">&#xE2A;&#xE38;&#xE02;&#xE20;&#xE32;&#xE1E;&#xE43;&#xE08;,</subfield>
    <subfield code="c">2553.</subfield>
  </datafield>
  <datafield tag="300" ind1=" " ind2=" ">
    <subfield code="a">258 &#xE2B;&#xE19;&#xE49;&#xE32; :</subfield>
    <subfield code="b">&#xE20;&#xE32;&#xE1E;&#xE1B;&#xE23;&#xE30;&#xE01;&#xE2D;&#xE1A; ;</subfield>
    <subfield code="c">21 &#xE0B;&#xE21;.</subfield>
  </datafield>
  <datafield tag="500" ind1=" " ind2=" ">
    <subfield code="a">&#xE41;&#xE1B;&#xE25;&#xE41;&#xE25;&#xE30;&#xE40;&#xE23;&#xE35;&#xE22;&#xE1A;&#xE40;&#xE23;&#xE35;&#xE22;&#xE07;&#xE08;&#xE32;&#xE01; &#xE14;&#xE49;&#xE2D;&#xE22;&#xE1E;&#xE31;&#xE12;&#xE19;&#xE32;&#xE41;&#xE25;&#xE30;&#xE1E;&#xE23;&#xE30;&#xE28;&#xE23;&#xE35;&#xE2D;&#xE32;&#xE23;&#xE22;&#xE4C;&#xE43;&#xE19;&#xE41;&#xE1C;&#xE48;&#xE19;&#xE14;&#xE34;&#xE19;&#xE2A;&#xE22;&#xE32;&#xE21; &#xE02;&#xE2D;&#xE07; P. Fistie. </subfield>
  </datafield>
  <datafield tag="505" ind1="2" ind2=" ">
    <subfield code="a">&#xE2B;&#xE21;&#xE27;&#xE14; 1 &#xE20;&#xE32;&#xE27;&#xE30;&#xE40;&#xE28;&#xE23;&#xE29;&#xE10;&#xE01;&#xE34;&#xE08; &#xE2A;&#xE31;&#xE07;&#xE04;&#xE21; &#xE41;&#xE25;&#xE30;&#xE01;&#xE32;&#xE23;&#xE40;&#xE21;&#xE37;&#xE2D;&#xE07; -- &#xE1A;&#xE17;&#xE17;&#xE35;&#xE48; 1 &#xE42;&#xE04;&#xE23;&#xE07;&#xE2A;&#xE23;&#xE49;&#xE32;&#xE07;&#xE17;&#xE32;&#xE07;&#xE40;&#xE28;&#xE23;&#xE29;&#xE10;&#xE01;&#xE34;&#xE08; &#xE2A;&#xE31;&#xE07;&#xE04;&#xE21; &#xE41;&#xE25;&#xE30;&#xE01;&#xE32;&#xE23;&#xE40;&#xE21;&#xE37;&#xE2D;&#xE07; --  &#xE1A;&#xE17;&#xE17;&#xE35;&#xE48; 2 &#xE1B;&#xE31;&#xE0D;&#xE2B;&#xE32;&#xE17;&#xE32;&#xE07;&#xE01;&#xE32;&#xE23;&#xE40;&#xE21;&#xE37;&#xE2D;&#xE07;&#xE43;&#xE19;&#xE23;&#xE31;&#xE0A;&#xE2A;&#xE21;&#xE31;&#xE22;&#xE02;&#xE2D;&#xE07;&#xE1E;&#xE23;&#xE30;&#xE1A;&#xE32;&#xE17;&#xE2A;&#xE21;&#xE40;&#xE14;&#xE47;&#xE08;&#xE1E;&#xE23;&#xE30;&#xE1B;&#xE01;&#xE40;&#xE01;&#xE25;&#xE49;&#xE32;&#xE40;&#xE08;&#xE49;&#xE32;&#xE2D;&#xE22;&#xE39;&#xE48;&#xE2B;&#xE31;&#xE27; -- &#xE1A;&#xE17;&#xE17;&#xE35;&#xE48; 3 &#xE27;&#xE34;&#xE01;&#xE24;&#xE15;&#xE34;&#xE01;&#xE32;&#xE23;&#xE13;&#xE4C;&#xE43;&#xE19;&#xE1B;&#xE23;&#xE30;&#xE40;&#xE17;&#xE28;&#xE44;&#xE17;&#xE22; &#xE23;&#xE30;&#xE2B;&#xE27;&#xE48;&#xE32;&#xE07;&#xE1B;&#xE35; &#xE1E;.&#xE28;. 2473 - 2475 -- &#xE2B;&#xE21;&#xE27;&#xE14; 2 &#xE41;&#xE19;&#xE27;&#xE04;&#xE34;&#xE14;&#xE02;&#xE2D;&#xE07;&#xE1B;&#xE23;&#xE35;&#xE14;&#xE35;&#xE40;&#xE21;&#xE37;&#xE48;&#xE2D;&#xE1E;&#xE34;&#xE08;&#xE32;&#xE23;&#xE13;&#xE32;&#xE15;&#xE32;&#xE21; "&#xE40;&#xE04;&#xE49;&#xE32;&#xE42;&#xE04;&#xE23;&#xE07;&#xE01;&#xE32;&#xE23;&#xE40;&#xE28;&#xE23;&#xE29;&#xE10;&#xE01;&#xE34;&#xE08;" -- &#xE1A;&#xE17;&#xE17;&#xE35;&#xE48; 1 &#xE41;&#xE2B;&#xE25;&#xE48;&#xE07;&#xE17;&#xE35;&#xE48;&#xE21;&#xE32;&#xE02;&#xE2D;&#xE07; "&#xE40;&#xE04;&#xE49;&#xE32;&#xE42;&#xE04;&#xE23;&#xE07;&#xE01;&#xE32;&#xE23;&#xE40;&#xE28;&#xE23;&#xE29;&#xE10;&#xE01;&#xE34;&#xE08;" -- &#xE1A;&#xE17;&#xE17;&#xE35;&#xE48; 2 &#xE40;&#xE04;&#xE49;&#xE32;&#xE42;&#xE04;&#xE23;&#xE07;&#xE01;&#xE32;&#xE23;&#xE40;&#xE28;&#xE23;&#xE29;&#xE10;&#xE01;&#xE34;&#xE08;&#xE15;&#xE23;&#xE07;&#xE01;&#xE31;&#xE1A;&#xE2A;&#xE20;&#xE32;&#xE1E;&#xE04;&#xE27;&#xE32;&#xE21;&#xE40;&#xE1B;&#xE47;&#xE19;&#xE08;&#xE23;&#xE34;&#xE07;&#xE41;&#xE04;&#xE48;&#xE44;&#xE2B;&#xE19;? -- &#xE2B;&#xE21;&#xE27;&#xE14; 3 &#xE1C;&#xE39;&#xE49;&#xE19;&#xE33;&#xE44;&#xE17;&#xE22;&#xE44;&#xE14;&#xE49;&#xE43;&#xE2B;&#xE49;&#xE01;&#xE32;&#xE23;&#xE15;&#xE49;&#xE2D;&#xE19;&#xE23;&#xE31;&#xE1A;&#xE40;&#xE04;&#xE49;&#xE32;&#xE42;&#xE04;&#xE23;&#xE07;&#xE01;&#xE32;&#xE23;&#xE40;&#xE28;&#xE23;&#xE29;&#xE10;&#xE01;&#xE34;&#xE08;&#xE2D;&#xE22;&#xE48;&#xE32;&#xE07;&#xE44;&#xE23;? -- &#xE1A;&#xE17;&#xE17;&#xE35;&#xE48; 1 &#xE01;&#xE32;&#xE23;&#xE1B;&#xE23;&#xE30;&#xE0A;&#xE38;&#xE21;&#xE02;&#xE2D;&#xE07;&#xE04;&#xE13;&#xE30;&#xE01;&#xE23;&#xE23;&#xE21;&#xE01;&#xE32;&#xE23;&#xE1E;&#xE34;&#xE08;&#xE32;&#xE23;&#xE13;&#xE32;&#xE40;&#xE04;&#xE49;&#xE32;&#xE42;&#xE04;&#xE23;&#xE07;&#xE01;&#xE32;&#xE23;&#xE40;&#xE28;&#xE23;&#xE29;&#xE10;&#xE01;&#xE34;&#xE08; &#xE40;&#xE21;&#xE37;&#xE48;&#xE2D;&#xE27;&#xE31;&#xE19;&#xE17;&#xE35;&#xE48; 12 &#xE21;&#xE35;&#xE19;&#xE32;&#xE04;&#xE21; &#xE1E;.&#xE28;. 2476 -- &#xE1A;&#xE17;&#xE17;&#xE35;&#xE48; 2 &#xE1E;&#xE23;&#xE30;&#xE1A;&#xE23;&#xE21;&#xE23;&#xE32;&#xE0A;&#xE27;&#xE34;&#xE19;&#xE34;&#xE08;&#xE09;&#xE31;&#xE22;&#xE40;&#xE04;&#xE49;&#xE32;&#xE42;&#xE04;&#xE23;&#xE07;&#xE01;&#xE32;&#xE23;&#xE40;&#xE28;&#xE23;&#xE29;&#xE10;&#xE01;&#xE34;&#xE08;&#xE02;&#xE2D;&#xE07;&#xE1E;&#xE23;&#xE30;&#xE1A;&#xE32;&#xE17;&#xE2A;&#xE21;&#xE40;&#xE14;&#xE47;&#xE08;&#xE1E;&#xE23;&#xE30;&#xE1B;&#xE01;&#xE40;&#xE01;&#xE25;&#xE49;&#xE32;&#xE40;&#xE08;&#xE49;&#xE32;&#xE2D;&#xE22;&#xE39;&#xE48;&#xE2B;&#xE31;&#xE27; -- &#xE2B;&#xE21;&#xE27;&#xE14; 4 &#xE40;&#xE04;&#xE49;&#xE32;&#xE42;&#xE04;&#xE23;&#xE07;&#xE01;&#xE32;&#xE23;&#xE40;&#xE28;&#xE23;&#xE29;&#xE10;&#xE01;&#xE34;&#xE08;&#xE02;&#xE2D;&#xE07;&#xE1B;&#xE23;&#xE35;&#xE14;&#xE35; -- &#xE1A;&#xE17;&#xE17;&#xE35;&#xE48; 1 &#xE40;&#xE04;&#xE49;&#xE32;&#xE42;&#xE04;&#xE23;&#xE07;&#xE01;&#xE32;&#xE23;&#xE40;&#xE28;&#xE23;&#xE29;&#xE10;&#xE01;&#xE34;&#xE08;&#xE44;&#xE23;&#xE49;&#xE1C;&#xE25; -- &#xE1A;&#xE17;&#xE17;&#xE35;&#xE48; 2 &#xE0A;&#xE30;&#xE15;&#xE32;&#xE01;&#xE23;&#xE23;&#xE21;&#xE02;&#xE2D;&#xE07;&#xE40;&#xE04;&#xE49;&#xE32;&#xE40;&#xE04;&#xE49;&#xE32;&#xE42;&#xE04;&#xE23;&#xE07;&#xE01;&#xE32;&#xE23;&#xE40;&#xE28;&#xE23;&#xE29;&#xE10;&#xE01;&#xE34;&#xE08;.</subfield>
  </datafield>
  <datafield tag="600" ind1="0" ind2="0">
    <subfield code="a">&#xE1B;&#xE23;&#xE35;&#xE14;&#xE35; &#xE1E;&#xE19;&#xE21;&#xE22;&#xE07;&#xE04;&#xE4C;.</subfield>
    <subfield code="9">8834</subfield>
  </datafield>
  <datafield tag="651" ind1=" " ind2="4">
    <subfield code="a">&#xE44;&#xE17;&#xE22;</subfield>
    <subfield code="x">&#xE20;&#xE32;&#xE27;&#xE30;&#xE40;&#xE28;&#xE23;&#xE29;&#xE10;&#xE01;&#xE34;&#xE08;</subfield>
    <subfield code="9">3477</subfield>
  </datafield>
  <datafield tag="651" ind1=" " ind2="4">
    <subfield code="a">&#xE44;&#xE17;&#xE22;</subfield>
    <subfield code="x">&#xE1B;&#xE23;&#xE30;&#xE27;&#xE31;&#xE15;&#xE34;&#xE28;&#xE32;&#xE2A;&#xE15;&#xE23;&#xE4C; </subfield>
    <subfield code="y">&#xE01;&#xE23;&#xE38;&#xE07;&#xE23;&#xE31;&#xE15;&#xE19;&#xE42;&#xE01;&#xE2A;&#xE34;&#xE19;&#xE17;&#xE23;&#xE4C;</subfield>
    <subfield code="y">&#xE23;&#xE31;&#xE0A;&#xE01;&#xE32;&#xE25;&#xE17;&#xE35;&#xE48; 7, 2468-2477</subfield>
    <subfield code="9">14136</subfield>
  </datafield>
  <datafield tag="850" ind1=" " ind2=" ">
    <subfield code="a">NALT</subfield>
  </datafield>
  <datafield tag="942" ind1=" " ind2=" ">
    <subfield code="2">lcc</subfield>
    <subfield code="c">GB</subfield>
  </datafield>
  <datafield tag="996" ind1=" " ind2=" ">
    <subfield code="a">kornsiririn.r</subfield>
    <subfield code="b">CATSTF	</subfield>
    <subfield code="c">2024-08-07</subfield>
  </datafield>
  <datafield tag="999" ind1=" " ind2=" ">
    <subfield code="c">105593</subfield>
    <subfield code="d">105593</subfield>
  </datafield>
  <datafield tag="998" ind1=" " ind2=" ">
    <subfield code="j">1020</subfield>
    <subfield code="k"> &#xE19;&#xE32;&#xE07;&#xE08;&#xE33;&#xE40;&#xE23;&#xE35;&#xE22;&#xE07;  &#xE23;&#xE30;&#xE27;&#xE31;&#xE07;&#xE2A;&#xE33;&#xE42;&#xE23;&#xE07;</subfield>
  </datafield>
  <datafield tag="952" ind1=" " ind2=" ">
    <subfield code="0">0</subfield>
    <subfield code="1">0</subfield>
    <subfield code="2">lcc</subfield>
    <subfield code="4">0</subfield>
    <subfield code="7">0</subfield>
    <subfield code="8">CSEN</subfield>
    <subfield code="a">NALT</subfield>
    <subfield code="b">NALT</subfield>
    <subfield code="c">GEN</subfield>
    <subfield code="d">2024-08-07</subfield>
    <subfield code="l">0</subfield>
    <subfield code="o">DS 570.6 &#xE21;965&#xE25; 2553</subfield>
    <subfield code="p">0100004607001</subfield>
    <subfield code="r">2024-08-07 00:00:00</subfield>
    <subfield code="w">2024-08-07</subfield>
    <subfield code="y">GB</subfield>
  </datafield>
</record>
